Tuyến điểm du lịch Viêt Nam

Uloženo v:
Podrobná bibliografie
Hlavní autor: Bùi, Thị Hải Yến
Médium: Kniha
Jazyk:Undetermined
Vydáno: Hà Nội Giáo dục 2006
Tagy: Přidat tag
Žádné tagy, Buďte první, kdo otaguje tento záznam!
Thư viện lưu trữ: Trung tâm Học liệu Trường Đại học Cần Thơ
LEADER 00493nam a2200181Ia 4500
001 CTU_104338
008 210402s9999 xx 000 0 und d
020 |c 49500 
082 |a 915.97 
082 |b Y603 
100 |a Bùi, Thị Hải Yến 
245 0 |a Tuyến điểm du lịch Viêt Nam 
245 0 |c Bùi Thị Hải Yến 
260 |a Hà Nội 
260 |b Giáo dục 
260 |c 2006 
904 |i Minh 
980 |a Trung tâm Học liệu Trường Đại học Cần Thơ